Cortes de Cádiz / (Record no. 42451)

MARC details
000 -LEADER
campo de control de longitud fija 01156nam a2200301 i 4500
001 - NÚMERO DE CONTROL
campo de control 42451
003 - IDENTIFICADOR DE NÚMERO DE CONTROL
campo de control ES-MaACL
005 - FECHA Y HORA DE LA ÚLTIMA TRANSACCIÓN
campo de control 20250811052458.0
007 - CAMPO FIJO DE DESCRIPCIÓN FÍSICA--INFORMACIÓN GENERAL
campo de control de longitud fija t|
008 - DATOS DE LONGITUD FIJA--INFORMACIÓN GENERAL
campo de control de longitud fija 030328m19671968sp |||| | spa d
080 ## - NÚMERO DE LA CLASIFICACIÓN DECIMAL UNIVERSAL
Número de la Clasificación Decimal Universal 342.53(46)"18"
080 ## - NÚMERO DE LA CLASIFICACIÓN DECIMAL UNIVERSAL
Número de la Clasificación Decimal Universal 946"18"(094)
110 1# - ENTRADA PRINCIPAL--NOMBRE DE ENTIDAD CORPORATIVA
Nombre de entidad corporativa o nombre de jurisdicción como elemento de entrada España.
Unidad subordinada Cortes de Cádiz
9 (RLIN) 3663
245 10 - MENCIÓN DEL TÍTULO
Título Cortes de Cádiz /
Mención de responsabilidad, etc. estudio preliminar y notas de Federico Suárez.
260 ## - PUBLICACIÓN, DISTRIBUCIÓN, ETC.
Lugar de publicación, distribución, etc. [Pamplona] :
Nombre del editor, distribuidor, etc. Universidad de Navarra,
Fecha de publicación, distribución, etc. 1967-1968.
300 ## - DESCRIPCIÓN FÍSICA
Extensión 2 v. ;
Dimensiones 23 cm.
490 1# - MENCIÓN DE SERIE
Mención de serie Colección histórica de la Universidad de Navarra ;
Designación de volumen o secuencia 18
500 ## - NOTA GENERAL
Nota general Índice.
505 8# - NOTA DE CONTENIDO CON FORMATO
Nota de contenido con formato Contiene: ;
Título Informes oficiales sobre Cortes. Baleares (318 p.) - ;
-- Informes oficiales sobre Cortes. Valencia y Aragón (340 p.)
594 ## - Nota al título y mención de responsabilidad
Nota al título y mención de responsabilidad Precede al tít.: Seminario de Historia Moderna.
610 14 - PUNTO DE ACCESO ADICIONAL DE MATERIA--NOMBRE DE ENTIDAD CORPORATIVA
Nombre de entidad corporativa o nombre de jurisdicción como elemento de entrada España.
Unidad subordinada Cortes de Cádiz
9 (RLIN) 3663
651 #4 - PUNTO DE ACCESO ADICIONAL DE MATERIA--NOMBRE GEOGRÁFICO
Nombre geográfico España-
Subdivisión general Historia-
Subdivisión cronológica S.XIX-
Subdivisión de forma Fuentes.
9 (RLIN) 8355
700 1# - ENTRADA AGREGADA--NOMBRE PERSONAL
Nombre de persona Suárez, Federico.
9 (RLIN) 108558
710 2# - ENTRADA AGREGADA--NOMBRE DE ENTIDAD CORPORATIVA
Nombre de entidad corporativa o nombre de jurisdicción como elemento de entrada Universidad de Navarra.
9 (RLIN) 7252
830 0# - PUNTO DE ACCESO ADICIONAL DE SERIE-TÍTULO UNIFORME
Título uniforme Colección histórica de la Universidad de Navarra ;
Designación de volumen o secuencia 18
9 (RLIN) 184560
852 ## - LOCALIZACIÓN
Ubicación ES-MaACL
Número de control de estantería P-1244
Holdings
Estatus retirado Estado de pérdida Estado de daño No para préstamo Biblioteca de origen Biblioteca actual Ubicación en estantería Fecha de adquisición Fuente de adquisición Total de préstamos Signatura topográfica completa Código de barras Visto por última vez Precio de reemplazo Tipo de ítem Koha
        Biblioteca del Ateneo de Madrid Biblioteca del Ateneo de Madrid Depósito 2 17/01/2008     P-1244 1044679 23/02/2023 23/02/2023 Libro impreso